Kursus pembangunan sahsiah dalam organisasi : 8 - 11 Jun 2009

Bibliographic Details
Corporate Authors: Kursus pembangunan sahsiah dalam organisasi, INSPEN ( Institut Penilaian Negara )
Format: Book
Language:Malay
Published: Bangi : Institut Penilaian Negara , 2009
Subjects:
Online Access:http://app.inspen.gov.my:7779/pls/portal/docs/PAGE/CORPORATEPAGES/PORTAL_INSPEN/NOTA_KURSUS/MANAGEMENT/SKMBT_C45109092609441.PDF

MARC

LEADER 00000cam a2200000 7i4500
001 0000019243
005 20091105.0
008 091020 my a may
040 |a INS 
090 0 0 |a M221 
110 1 |a Kursus pembangunan sahsiah dalam organisasi ,   |d 2009 8 - 11 Jun   |c INSPEN, Bangi 
245 0 0 |a Kursus pembangunan sahsiah dalam organisasi :   |b 8 - 11 Jun 2009   |c Anjuran Pusat Pengurusan dan Teknologi Maklumat, INSPEN 
260 |a Bangi :   |b Institut Penilaian Negara ,   |c 2009 
300 |a 1v. ( Various pagings ) :   |b ill ;   |c 30 cm. 
500 |a Untuk paparan lengkap sila rujuk kaunter perpustakaan 
650 0 |a Personality developmant   |x Organization 
710 1 |a INSPEN ( Institut Penilaian Negara ) 
856 |u http://app.inspen.gov.my:7779/pls/portal/docs/PAGE/CORPORATEPAGES/PORTAL_INSPEN/NOTA_KURSUS/MANAGEMENT/SKMBT_C45109092609441.PDF 
999 |a M000000458   |b BOOK   |c Course Notes   |e Default branch 
999 |a M000000459   |b BOOK   |c Course Notes   |e Default branch 
999 |a M000000460   |b BOOK   |c Course Notes   |e Default branch